000 00546nam a2200193Ia 4500
999 _c1810
_d1810
003 OSt
005 20221108154100.0
008 190216s9999||||xx |||||||||||||| ||und||
020 _a9788125923466
040 _coclc
082 _a582
_bBHO/E
100 _aBhojwani, S S
_94825
245 0 _aThe Embryology Of Angiosperms /
_cS S Bhojwani ; S P Bhatnagar
250 _a5th Ed.
260 _bVikas Publishing House,
_c2009.
_aNew Delhi:
300 _a352p
650 _aBotany
942 _cBK
_2ddc
_h582
_iBHO/E
_k582
_mBHO/E